[Event "Andorra Open"]
[Site "La Massana AND"]
[Date "2010.07.17"]
[Round "1"]
[White "Bruzon Batista,L"]
[Black "Bas Mas,J"]
[Result "1-0"]
[WhiteElo "2653"]
[BlackElo "2030"]
[EventDate "2010.07.17"]

1. d4 Nf6 2. Nf3 c5 3. c4 e6 4. g3 b6 5. Bg2 Bb7 6. d5 exd5 7. Nh4 g6 8.
Nc3 Be7 9. cxd5 d6 10. O-O O-O 11. e4 Nfd7 12. Bh6 Re8 13. f4 Bf6 14. Kh1
b5 15. e5 dxe5 16. Ne4 Nb6 17. f5 Bh8 18. fxg6 hxg6 19. Nxg6 fxg6 20. Qg4
Kh7 21. Rf7+ 1-0

[Event "Andorra Open"]
[Site "La Massana AND"]
[Date "2010.07.17"]
[Round "1"]
[White "Damians Janes,J"]
[Black "Delchev,A"]
[Result "0-1"]
[WhiteElo "2019"]
[BlackElo "2632"]
[EventDate "2010.07.17"]

1. e4 c5 2. Nc3 e6 3. g3 d5 4. exd5 exd5 5. Bg2 Nf6 6. d3 d4 7. Ne4 Nxe4 8.
Bxe4 Bd6 9. Ne2 Nd7 10. O-O O-O 11. Nf4 Nf6 12. Bg2 Bg4 13. Qd2 Qd7 14. f3
Bf5 15. Qf2 Rfe8 16. Bd2 h6 17. Rae1 Qa4 18. Bc1 Qxa2 19. g4 Bd7 20. Qh4
Rxe1 21. Rxe1 Re8 22. Rf1 Bxf4 23. Bxf4 Qe6 24. Bg3 Qe3+ 25. Bf2 Qd2 26. h3
Nd5 27. f4 Nxf4 28. Bxb7 Qxc2 29. Be4 Rxe4 30. dxe4 Qxe4 0-1

[Event "Andorra Open"]
[Site "La Massana AND"]
[Date "2010.07.17"]
[Round "1"]
[White "Balogh,C"]
[Black "Serrat Rifa,Ernest"]
[Result "1-0"]
[WhiteElo "2628"]
[BlackElo "2015"]
[EventDate "2010.07.17"]

1. e4 e5 2. Nf3 Nc6 3. Bb5 a6 4. Bxc6 dxc6 5. O-O Bg4 6. h3 Bxf3 7. Qxf3
Qf6 8. Qg3 Bc5 9. d3 Ne7 10. Nd2 Ng6 11. Nc4 O-O 12. Bd2 b5 13. Ne3 Qf4 14.
Qxf4 Nxf4 15. Nf5 Ne2+ 16. Kh2 Nd4 17. Be3 Rfe8 18. f4 f6 19. fxe5 fxe5 20.
Bxd4 exd4 21. g4 Rf8 22. g5 Bd6+ 23. Kg2 c5 24. Rf3 Rf7 25. Raf1 Rd7 26. h4
Bf8 27. h5 g6 28. hxg6 hxg6 29. Nh4 Rg7 30. Kh3 Bd6 31. Kg4 Be5 32. Rf6
Bxf6 33. gxf6 Rd7 34. Nf3 Re8 35. e5 c4 36. Re1 Kf8 37. e6 Rd6 38. Ng5
Rexe6 39. Nxe6+ Kf7 40. Ng5+ Kf8 41. f7 1-0

[Event "Andorra Open"]
[Site "La Massana AND"]
[Date "2010.07.17"]
[Round "1"]
[White "Barbier,S"]
[Black "Edouard,R"]
[Result "0-1"]
[WhiteElo "2011"]
[BlackElo "2620"]
[EventDate "2010.07.17"]

1. c4 e5 2. g3 Nf6 3. Bg2 Nc6 4. Nc3 Bb4 5. Nd5 O-O 6. Nxb4 Nxb4 7. Nf3 d6
8. O-O Bf5 9. d3 Nc6 10. e4 Bd7 11. h3 Rb8 12. Bg5 h6 13. Be3 b5 14. b3
bxc4 15. bxc4 a5 16. Qd2 Rb4 17. a3 Rb8 18. Nh4 a4 19. f4 exf4 20. Bxf4 Nh5
21. Nf5 Nxf4 22. Rxf4 Qf6 23. Raf1 Bxf5 24. exf5 Nd4 25. R4f2 Rb3 26. Be4
c5 27. Qc1 Qg5 28. Qxg5 hxg5 29. Ra2 Rfb8 30. Rc1 Rb2 31. Rxb2 Rxb2 32. Ra1
Kf8 33. g4 Ke7 34. Re1 Kd7 35. Bd5 f6 36. Kf1 Rb3 37. Bf7 Rxa3 38. Be8+ Kd8
39. Bb5 Nxb5 40. cxb5 Rxd3 0-1

[Event "Andorra Open"]
[Site "La Massana AND"]
[Date "2010.07.17"]
[Round "1"]
[White "Hamdouchi,H"]
[Black "Verstraeten,R"]
[Result "1-0"]
[WhiteElo "2600"]
[BlackElo "2011"]
[EventDate "2010.07.17"]

1. e4 c5 2. Nc3 d6 3. f4 g6 4. Nf3 Bg7 5. Bc4 Nc6 6. O-O e6 7. d3 Nge7 8.
Qe1 O-O 9. Bb3 d5 10. f5 dxe4 11. dxe4 Nd4 12. Nxd4 Bxd4+ 13. Kh1 Nc6 14.
Bh6 Re8 15. f6 Bxf6 16. Qf2 Be5 17. Qxf7+ Kh8 18. Rad1 Qe7 19. Qxe7 Nxe7
20. Ba4 Nc6 21. Nb5 Kg8 22. c3 a6 23. Nd6 Rd8 24. Bxc6 bxc6 25. Nc4 Rxd1
26. Rxd1 Bc7 27. Nd6 a5 28. Ne8 Be5 29. Rf1 1-0

[Event "Andorra Open"]
[Site "La Massana AND"]
[Date "2010.07.17"]
[Round "1"]
[White "Diaz Munoz,S"]
[Black "Spraggett,K"]
[Result "0-1"]
[WhiteElo "2005"]
[BlackElo "2575"]
[EventDate "2010.07.17"]

1. e4 d6 2. d4 Nf6 3. Nc3 g6 4. f4 Bg7 5. Nf3 O-O 6. Be2 c5 7. e5 Nfd7 8.
Be3 cxd4 9. Bxd4 dxe5 10. Bxe5 Nxe5 11. Nxe5 Bxe5 12. fxe5 Nc6 13. Qd5 Qc7
14. O-O-O Be6 15. Qc5 Qxe5 16. Qxe5 Nxe5 17. Nd5 Bxd5 18. Rxd5 f6 19. b3
Rac8 20. Kb2 Rfd8 21. Rhd1 Rxd5 22. Rxd5 Kf7 23. Ra5 a6 24. Bxa6 bxa6 25.
Rxa6 f5 26. c4 f4 27. Kc3 Rd8 28. Ra5 Ke6 29. b4 Rd6 30. Kc2 Rd4 0-1

[Event "Andorra Open"]
[Site "La Massana AND"]
[Date "2010.07.17"]
[Round "1"]
[White "Almeida Quintana,O"]
[Black "Sanders,I"]
[Result "1-0"]
[WhiteElo "2559"]
[BlackElo "1968"]
[EventDate "2010.07.17"]

1. d4 Nf6 2. c4 g6 3. Nc3 Bg7 4. e4 d6 5. f3 O-O 6. Be3 e5 7. d5 Nbd7 8.
Nge2 a5 9. g4 Nc5 10. Ng3 Ne8 11. h4 f5 12. gxf5 gxf5 13. exf5 Bf6 14. Qd2
Bxh4 15. Qh2 Bxg3+ 16. Qxg3+ Ng7 17. Ne4 Bxf5 18. Nxc5 dxc5 19. Bxc5 Re8
20. O-O-O Qf6 21. Bd3 Kh8 22. Bxf5 Qxf5 23. Rh6 Nh5 24. Qg4 Qxg4 25. fxg4
Nf4 26. d6 e4 27. Kc2 cxd6 28. Bxd6 Ng2 29. Rdh1 e3 30. Rxh7+ Kg8 31. Be7
e2 32. Bf6 Ne3+ 33. Kd3 e1=N+ 34. Kc3 Kf8 35. Rd7 1-0

[Event "Andorra Open"]
[Site "La Massana AND"]
[Date "2010.07.17"]
[Round "1"]
[White "Rechi Perez,F"]
[Black "Paunovic,D"]
[Result "0-1"]
[WhiteElo "1959"]
[BlackElo "2553"]
[EventDate "2010.07.17"]

1. e4 c5 2. d4 cxd4 3. Nf3 a6 4. Nxd4 Nf6 5. Nc3 e5 6. Nb3 Bb4 7. Bd3 O-O
8. O-O Bxc3 9. bxc3 d5 10. Bg5 dxe4 11. Bxf6 Qxf6 12. Bxe4 Nd7 13. Qd3 g6
14. Rad1 Kg7 15. Rfe1 Qg5 16. Qe3 Qxe3 17. Rxe3 Nf6 18. Nc5 Nxe4 19. Nxe4
Be6 20. a4 Rad8 21. Red3 Rc8 22. Rb1 Bf5 23. f3 Rc7 24. Rd5 Bxe4 25. fxe4
Re8 26. Rb3 Re6 27. Kf2 Kf6 28. Ke3 Rec6 29. Kd3 h5 30. a5 Ke6 31. Rd8 f5
32. exf5+ gxf5 33. Re8+ Kf6 34. Rh8 Kg5 35. Rb8 Rd7+ 36. Ke3 Rc4 37. Rg8+
Kf6 38. Rh8 f4+ 39. Kf3 Rdc7 40. Rxh5 Rxc3+ 41. Rxc3 Rxc3+ 42. Ke4 Rc4+ 43.
Kd3 Rd4+ 44. Ke2 Rc4 45. Kd3 Ra4 46. Rh7 e4+ 47. Ke2 Rc4 48. Kd2 e3+ 49.
Kd3 Re4 50. Ke2 Rd4 51. Rxb7 Rd2+ 52. Ke1 Rxg2 53. h4 f3 0-1

[Event "Andorra Open"]
[Site "La Massana AND"]
[Date "2010.07.17"]
[Round "1"]
[White "Alsina Leal,D"]
[Black "Colomer Camarasa,J"]
[Result "1-0"]
[WhiteElo "2546"]
[BlackElo "1951"]
[EventDate "2010.07.17"]

1. e4 g6 2. d4 Bg7 3. Nc3 c6 4. f4 d5 5. e5 h5 6. Nf3 Bg4 7. Be3 Nh6 8. Be2
Nf5 9. Bf2 e6 10. Qd3 Bf8 11. O-O Be7 12. h3 Bxf3 13. Qxf3 h4 14. Bd3 Na6
15. a3 Nc7 16. Ne2 Kf8 17. Kh2 b5 18. b3 a5 19. c4 b4 20. a4 Qd7 21. Rac1
Kg7 22. Rc2 Rhc8 23. Rg1 Kf8 24. g4 hxg3+ 25. Nxg3 Ne8 26. Nxf5 exf5 27.
cxd5 cxd5 28. Rgc1 Rxc2 29. Rxc2 Rc8 30. Rxc8 Qxc8 31. Qxd5 Qc1 32. Bc4
Qxf4+ 33. Kg1 Qc1+ 34. Kg2 Qg5+ 35. Kh1 Kg7 36. Qxf7+ Kh6 37. Qxe8 Qc1+ 38.
Bg1 Qd1 39. Qa8 Bh4 40. Qg2 Kg7 41. d5 1-0

[Event "Andorra Open"]
[Site "La Massana AND"]
[Date "2010.07.17"]
[Round "1"]
[White "Brih,T"]
[Black "Kogan,Ar"]
[Result "0-1"]
[WhiteElo "1948"]
[BlackElo "2541"]
[EventDate "2010.07.17"]

1. Nf3 d5 2. d4 c6 3. g3 Bf5 4. Bg2 Nd7 5. O-O e6 6. Re1 h6 7. Nbd2 Ngf6 8.
Ne5 Be7 9. Nxd7 Qxd7 10. Nf3 O-O 11. Ne5 Qc7 12. c4 Rfd8 13. c5 Bxc5 14.
Nxf7 Qxf7 15. dxc5 e5 16. b4 a5 17. Bb2 d4 18. bxa5 Rxa5 19. Qb3 Qxb3 20.
axb3 Rxc5 21. Ba3 Rc3 22. Be7 Re8 23. Bxf6 gxf6 24. b4 Rb3 25. e4 Be6 26.
Reb1 d3 27. Bf3 Rd8 28. Rxb3 Bxb3 29. Bd1 Bc2 30. Kf1 Rd4 31. f3 Rxb4 32.
Ke1 Bxd1 33. Kxd1 c5 34. Kd2 Rb3 35. Ra8+ Kf7 36. Rd8 b6 37. f4 Ke7 0-1

[Event "Andorra Open"]
[Site "La Massana AND"]
[Date "2010.07.17"]
[Round "1"]
[White "Knudsen,M"]
[Black "Arizmendi Martinez,J"]
[Result "0-1"]
[WhiteElo "1944"]
[BlackElo "2532"]
[EventDate "2010.07.17"]

1. f4 g6 2. e4 Bg7 3. Nf3 d6 4. Nc3 c5 5. Be2 Nc6 6. O-O e6 7. d3 Nge7 8.
Be3 Nd4 9. Rb1 Nec6 10. a3 b5 11. Na2 a5 12. c3 Nxe2+ 13. Qxe2 O-O 14. d4
b4 15. Rfd1 Ba6 16. Qf2 b3 17. Nc1 c4 18. d5 exd5 19. exd5 Ne7 20. Bb6 Qd7
21. Bxa5 Nxd5 22. Rxd5 Bb7 23. Rd2 Qf5 24. Ra1 Rxa5 25. Ne2 Rd5 26. Nfd4
Qd7 27. Rad1 Re8 28. Nxb3 Rxd2 29. Nxd2 Qb5 30. Nd4 Qxb2 31. Nxc4 Qxc3 32.
Nxd6 Rd8 33. N4b5 Qc6 34. a4 Bf8 35. Qb2 Ba8 36. Na7 Qc5+ 0-1

[Event "Andorra Open"]
[Site "La Massana AND"]
[Date "2010.07.17"]
[Round "1"]
[White "De la Riva Aguado,O"]
[Black "Sevenyuk,A"]
[Result "1-0"]
[WhiteElo "2532"]
[BlackElo "1932"]
[EventDate "2010.07.17"]

1. e4 c5 2. Nf3 d6 3. d4 cxd4 4. Nxd4 Nf6 5. Nc3 g6 6. Bg5 Bg7 7. Bb5+ Bd7
8. Qe2 Nc6 9. O-O-O a6 10. Bxc6 bxc6 11. e5 dxe5 12. Nxc6 Qb6 13. Nxe7 Rb8
14. b3 Qc5 15. Ned5 Nxd5 16. Nxd5 Be6 17. Bf6 Bxf6 18. Nxf6+ Kf8 19. Ne4
Qa5 20. Ng5 Ke7 21. Nxe6 fxe6 22. Kb1 Rhd8 23. Qe3 Qc7 24. Qe4 a5 25. Qh4+
Kf8 26. Qf6+ Kg8 27. Qxe6+ Kg7 28. Rhe1 Rbc8 29. c4 Rxd1+ 30. Rxd1 Rd8 31.
Rxd8 1-0

[Event "Andorra Open"]
[Site "La Massana AND"]
[Date "2010.07.17"]
[Round "1"]
[White "Dubreuil,R"]
[Black "Gonzalez Vidal,Y"]
[Result "0-1"]
[WhiteElo "1927"]
[BlackElo "2522"]
[EventDate "2010.07.17"]

1. e4 c6 2. d4 d5 3. e5 Bf5 4. Bd3 Bxd3 5. Qxd3 e6 6. Ne2 c5 7. c3 Nc6 8.
O-O Nge7 9. Nd2 h5 10. f4 Nf5 11. Kh1 Qb6 12. Nf3 h4 13. Rd1 Rc8 14. b3 Be7
15. Rb1 O-O 16. g4 hxg3 17. hxg3 cxd4 18. Nfxd4 Nfxd4 19. Nxd4 Nxd4 20. Be3
Bc5 21. b4 Qc6 22. cxd4 Be7 23. Rdc1 Qa4 24. a3 Rc4 25. Rc3 Rfc8 26. Rbc1
Qc6 27. Bd2 a5 28. Qf3 axb4 29. Rxc4 dxc4 30. Qxc6 Rxc6 31. axb4 b5 32. Bc3
Ra6 33. Kg2 Ra3 0-1

[Event "Andorra Open"]
[Site "La Massana AND"]
[Date "2010.07.17"]
[Round "1"]
[White "Ipatov,A ESP"]
[Black "Fentes Caceres,D"]
[Result "1-0"]
[WhiteElo "2507"]
[BlackElo "1924"]
[EventDate "2010.07.17"]

1. d4 d5 2. c4 c6 3. Nf3 Nf6 4. Nc3 a6 5. c5 Bf5 6. Bf4 Nbd7 7. e3 h6 8. h3
g5 9. Bh2 Bg7 10. Bd3 Bxd3 11. Qxd3 O-O 12. Ne5 Nxe5 13. Bxe5 Nd7 14. Bxg7
Kxg7 15. h4 e5 16. hxg5 Qxg5 17. Ne2 e4 18. Qd2 Nf6 19. O-O-O Rh8 20. Rh3
Kf8 21. Nf4 Ke7 22. Qb4 Rab8 23. Rdh1 Nd7 24. Rh5 Qg7 25. Nxd5+ cxd5 26.
c6+ Kd8 27. Rxd5 Kc7 28. Rxd7+ Kxc6 29. Rd6+ 1-0

[Event "Andorra Open"]
[Site "La Massana AND"]
[Date "2010.07.17"]
[Round "1"]
[White "Llamazares Lopez,M"]
[Black "Cori,J"]
[Result "0-1"]
[WhiteElo "1923"]
[BlackElo "2486"]
[EventDate "2010.07.17"]

1. c4 Nf6 2. Nc3 g6 3. g3 Bg7 4. Bg2 O-O 5. Nf3 d6 6. O-O Nc6 7. d3 e5 8.
Rb1 Bf5 9. h3 Qc8 10. Kh2 e4 11. Nh4 exd3 12. exd3 Re8 13. Nxf5 Qxf5 14.
Be3 a5 15. a3 Rab8 16. Nd5 Nxd5 17. Bxd5 Ne7 18. Be4 Qd7 19. b4 d5 20. Bg2
axb4 21. axb4 b5 22. Qb3 bxc4 23. dxc4 d4 24. Bf4 h6 25. h4 Nf5 26. b5 Be5
27. Bc6 Qxc6 28. bxc6 Rxb3 29. Rxb3 Bxf4 30. gxf4 Re6 31. Kh3 Rxc6 32. Rc1
Kg7 33. Rb5 Kf6 34. Rd5 h5 35. Rd7 Nd6 36. c5 Nf5 37. Rd8 Ke7 38. Rd5 Ke6
39. Rd8 Ra6 40. c6 Nd6 41. Rd7 Rxc6 42. Rxc7 Rxc7 43. Rxc7 d3 44. Rc1 Kd5
45. Kg3 d2 46. Rd1 Kc4 47. Kf3 Kd3 48. Ra1 Ne4 49. f5 gxf5 50. Kf4 Nxf2 51.
Kg5 d1=Q 52. Rxd1+ Nxd1 53. Kxh5 f4 54. Kg4 Ke4 55. h5 Ne3+ 0-1

[Event "Andorra Open"]
[Site "La Massana AND"]
[Date "2010.07.17"]
[Round "1"]
[White "Pavlovic,Milo2"]
[Black "Blas Correa,J"]
[Result "1-0"]
[WhiteElo "2483"]
[BlackElo "1922"]
[EventDate "2010.07.17"]

1. d4 d5 2. c4 dxc4 3. Nf3 Bg4 4. e3 c5 5. Bxc4 Nh6 6. O-O f6 7. h3 Bh5 8.
e4 Nc6 9. Bxh6 gxh6 10. Ne5 Bg6 11. Nxg6 hxg6 12. Qg4 cxd4 13. Qxg6+ Kd7
14. Nc3 Qe8 15. Bf7 Qb8 16. Rad1 Qf4 17. Ne2 Qd6 18. Qf5+ e6 19. Qxf6 Be7
20. Qg7 d3 21. Nc1 Ne5 22. Nxd3 Nxd3 23. Qc3 1-0

[Event "Andorra Open"]
[Site "La Massana AND"]
[Date "2010.07.17"]
[Round "1"]
[White "Vernay,C"]
[Black "Tirapo Larcuen,A"]
[Result "1-0"]
[WhiteElo "2470"]
[BlackElo "1919"]
[EventDate "2010.07.17"]

1. d4 Nf6 2. c4 g6 3. Nc3 Bg7 4. e4 d6 5. f3 O-O 6. Bg5 h6 7. Be3 e5 8. d5
Nh5 9. Qd2 g5 10. Bd3 Na6 11. O-O-O Nc5 12. Bc2 a6 13. b4 Nd7 14. Na4 b5
15. Nb2 a5 16. cxb5 axb4 17. Na4 Nb6 18. Qxb4 f5 19. Ne2 Nf4 20. Nxf4 exf4
21. Bd4 Qe7 22. Rhe1 Nxa4 23. Bxa4 fxe4 24. Rxe4 Qf7 25. Rde1 Bf6 26. Bxf6
Qxf6 27. Qb2 Qxb2+ 28. Kxb2 Bf5 29. Rc4 Rfb8 30. Bb3 Rxb5 31. Rxc7 Rbb8 32.
Ree7 Re8 33. Rg7+ Kh8 34. Rge7 Rxe7 35. Rxe7 Ra6 36. Kc3 Kg8 37. Bc4 Ra8
38. Rb7 Kf8 39. Rb6 Ke7 40. Kb4 Bd7 41. Ba6 g4 42. a4 g3 43. hxg3 fxg3 44.
a5 h5 45. Bb5 Ra7 46. a6 Bc8 47. Rc6 Bf5 48. Ka5 h4 49. Rc1 1-0

[Event "Andorra Open"]
[Site "La Massana AND"]
[Date "2010.07.17"]
[Round "1"]
[White "Draillard,M"]
[Black "Shytaj,L"]
[Result "0-1"]
[WhiteElo "1912"]
[BlackElo "2466"]
[EventDate "2010.07.17"]

1. d4 Nf6 2. Nf3 e6 3. c4 c5 4. Nc3 cxd4 5. Nxd4 Nc6 6. Nf3 d5 7. cxd5 exd5
8. Bg5 d4 9. Bxf6 Qxf6 10. Nd5 Qd8 11. e4 dxe3 12. Nxe3 Bb4+ 13. Nd2 O-O
14. a3 Bc5 15. Ndc4 Qe7 16. Qb3 Rd8 17. Rd1 Bg4 18. Rc1 b5 19. Qxb5 Nd4 20.
Qa4 Nf5 21. Rc3 Rd1+ 22. Qxd1 Bxd1 23. Kxd1 Rd8+ 24. Kc1 Bd4 25. Rb3 g6 26.
h3 Bxe3+ 27. Nxe3 Nxe3 28. Rxe3 Qc5+ 29. Kb1 Rd1+ 30. Ka2 Qc1 31. Rc3 0-1

[Event "Andorra Open"]
[Site "La Massana AND"]
[Date "2010.07.18"]
[Round "2"]
[White "Trepat Herranz,J"]
[Black "Bruzon Batista,L"]
[Result "0-1"]
[WhiteElo "2322"]
[BlackElo "2653"]
[EventDate "2010.07.17"]

1. d4 Nf6 2. c4 d6 3. Nf3 g6 4. g3 Bg7 5. Bg2 O-O 6. O-O c6 7. Nc3 Qb6 8.
h3 Qa6 9. b3 b5 10. cxb5 cxb5 11. Bb2 Bb7 12. e3 Nbd7 13. Re1 b4 14. Nb1
Qb6 15. Nbd2 d5 16. a3 a5 17. axb4 axb4 18. Rxa8 Rxa8 19. Qc2 e6 20. Rc1
Ra2 21. Ra1 Rxa1+ 22. Bxa1 Ba6 23. Bb2 h6 24. Qb1 Bf8 25. Bf1 Bxf1 26. Qxf1
Qb7 27. Qa1 Ne8 28. Qa4 Nd6 29. Ne1 Ne4 30. Ndf3 Bd6 31. Kg2 Kg7 32. Nd3
Qc7 33. g4 Ndf6 34. Qa1 Qc2 35. Nfe1 Qe2 36. Qc1 Nd2 37. Ne5 Qf1+ 38. Kh2
Qxf2+ 0-1

[Event "Andorra Open"]
[Site "La Massana AND"]
[Date "2010.07.18"]
[Round "2"]
[White "Delchev,A"]
[Black "Cruz Lopez Claret,C"]
[Result "1-0"]
[WhiteElo "2632"]
[BlackElo "2307"]
[EventDate "2010.07.17"]

1. e4 e5 2. Nf3 Nc6 3. Nc3 g6 4. d4 exd4 5. Nd5 Bg7 6. Bg5 Nce7 7. Nxd4 c6
8. Nc3 d6 9. Qd2 Nf6 10. O-O-O O-O 11. Qf4 Ng4 12. h3 f6 13. hxg4 fxg5 14.
Qxg5 b5 15. f4 h6 16. Rxh6 Bxh6 17. Qxh6 Bxg4 18. Be2 Qd7 19. Rh1 Kf7 20.
Qg5 Bxe2 21. Rh7+ Ke8 22. Nxc6 Rf7 23. Rh8+ Rf8 24. Rxf8+ Kxf8 25. Qf6+ Ke8
26. Nd5 Ng8 27. Qxg6+ Kf8 28. Nd4 Re8 29. f5 Bc4 30. Ne6+ Rxe6 31. fxe6 Qg7
32. e7+ Nxe7 33. Qxg7+ Kxg7 34. Nxe7 Bf1 35. g3 Kf6 36. Nc6 a6 37. Kd2 1-0

[Event "Andorra Open"]
[Site "La Massana AND"]
[Date "2010.07.18"]
[Round "2"]
[White "Midoux,S"]
[Black "Balogh,C"]
[Result "0-1"]
[WhiteElo "2314"]
[BlackElo "2628"]
[EventDate "2010.07.17"]

1. e4 c5 2. Nf3 e6 3. d4 cxd4 4. Nxd4 a6 5. Bd3 Bc5 6. Nb3 Ba7 7. Qe2 Nc6
8. Be3 d6 9. O-O Nge7 10. N1d2 O-O 11. Rfd1 Ng6 12. Bxa7 Rxa7 13. Qe3 e5
14. Bf1 Bg4 15. f3 Be6 16. Nc4 Bxc4 17. Bxc4 Ra8 18. Bf1 Nf4 19. c3 Qc7 20.
g3 Nh5 21. Nd2 b5 22. a4 Rab8 23. axb5 axb5 24. b4 Nf6 25. Rac1 Rfd8 26.
Be2 h6 27. Nf1 Qb7 28. Qf2 Ne7 29. Ne3 d5 30. exd5 Nexd5 31. Nxd5 Rxd5 32.
Rxd5 Nxd5 33. Bd3 Qc7 34. Qe1 Rd8 35. Bb1 g6 36. Be4 Nf6 37. Qe3 Nxe4 38.
fxe4 Kg7 39. Qe2 Qc6 40. c4 Rd4 41. c5 Rxb4 0-1

[Event "Andorra Open"]
[Site "La Massana AND"]
[Date "2010.07.18"]
[Round "2"]
[White "Spraggett,K"]
[Black "Berthelot,Y"]
[Result "1-0"]
[WhiteElo "2575"]
[BlackElo "2272"]
[EventDate "2010.07.17"]

1. d4 Nf6 2. c4 g6 3. Nc3 d5 4. Bg5 Ne4 5. Bh4 Nxc3 6. bxc3 dxc4 7. e3 Be6
8. Nf3 Bg7 9. Qb1 c5 10. Qxb7 Bd5 11. Qb5+ Nd7 12. Bxc4 Rb8 13. Qa4 Bxc4
14. Qxc4 Qa5 15. O-O O-O 16. Bxe7 Rfc8 17. Ng5 1-0

[Event "Andorra Open"]
[Site "La Massana AND"]
[Date "2010.07.18"]
[Round "2"]
[White "Martinez Lopez,I"]
[Black "Almeida Quintana,O"]
[Result "0-1"]
[WhiteElo "2280"]
[BlackElo "2559"]
[EventDate "2010.07.17"]

1. c4 g6 2. g3 Bg7 3. Bg2 c5 4. Nc3 Nc6 5. a3 a5 6. Nf3 d6 7. O-O e5 8. d3
Nge7 9. Ne1 Be6 10. Bg5 f6 11. Be3 O-O 12. Nc2 Nd4 13. Rb1 d5 14. cxd5 Nxd5
15. Nxd5 Bxd5 16. Bxd5+ Qxd5 17. b4 cxb4 18. axb4 a4 19. Bxd4 exd4 20. b5
a3 21. Qd2 Rfc8 22. Nb4 Qe6 23. e4 dxe3 24. fxe3 f5 25. d4 Bh6 26. Rfe1 a2
27. Ra1 Ra3 28. Kf2 Rcc3 29. Nc2 Rd3 30. Qb4 Rab3 31. Qa5 Rb2 32. Re2 Bxe3+
33. Kf1 Qd5 34. Rg2 Qf3+ 35. Ke1 Rb1+ 0-1

[Event "Andorra Open"]
[Site "La Massana AND"]
[Date "2010.07.18"]
[Round "2"]
[White "Paunovic,D"]
[Black "Garcia,Rau"]
[Result "1-0"]
[WhiteElo "2553"]
[BlackElo "2240"]
[EventDate "2010.07.17"]

1. c4 Nf6 2. Nf3 c5 3. g3 b6 4. Bg2 Bb7 5. O-O e6 6. Nc3 Be7 7. d4 cxd4 8.
Qxd4 d6 9. Bg5 h6 10. Bxf6 Bxf6 11. Qd3 a6 12. Rfd1 Be7 13. Ne4 Bxe4 14.
Qxe4 Ra7 15. Nd4 O-O 16. Rd2 Bf6 17. Rad1 Qc8 18. b3 Rc7 19. h4 Rc5 20. Qa8
Rc7 21. Qf3 Rc5 22. Qd3 Rd8 23. e3 Nd7 24. Qe2 Be7 25. Rc2 Nb8 26. b4 Rc7
27. b5 axb5 28. Nxb5 Rcd7 29. Rb1 Nc6 30. Nd4 Nxd4 31. exd4 Qa6 32. Rcb2
Rb8 33. Rb5 Ra7 34. R1b2 Rc7 35. Bf1 Rcc8 36. a4 Qa7 37. Qd1 Qc7 38. Qb3
Bf6 39. Rxb6 Rxb6 40. Qxb6 Qxb6 41. Rxb6 Ra8 42. Rxd6 Rxa4 43. d5 exd5 44.
Rxd5 Ra7 45. Kg2 Rc7 46. Be2 Be7 47. Rb5 g6 48. h5 Kg7 49. hxg6 fxg6 50. f4
Bf6 51. Bd3 Be7 52. Kf3 Bf6 53. g4 g5 54. f5 Kf7 55. Be4 Bd4 56. Bd5+ Kf6
57. Rb8 Re7 58. Rh8 Kg7 59. Rg8+ 1-0

[Event "Andorra Open"]
[Site "La Massana AND"]
[Date "2010.07.18"]
[Round "2"]
[White "Archangelsky,M"]
[Black "Narciso Dublan,M"]
[Result "0-1"]
[WhiteElo "2209"]
[BlackElo "2540"]
[EventDate "2010.07.17"]

1. d4 Nf6 2. Nf3 e6 3. g3 b5 4. Qd3 Ba6 5. Bg2 d5 6. Bg5 c5 7. Bxf6 gxf6 8.
c3 f5 9. O-O Nd7 10. Nbd2 Qb6 11. Qe3 Bg7 12. b4 c4 13. a4 O-O 14. Qf4 Rfe8
15. e3 f6 16. Rfe1 Kh8 17. Nh4 Nf8 18. Nxf5 Ng6 19. Qd6 exf5 20. Qxb6 axb6
21. Bxd5 Rac8 22. f4 Ne7 23. Bf3 Red8 24. axb5 Bxb5 25. Ra7 Bf8 26. Rb7 Bc6
27. Rxb6 Bxf3 28. Nxf3 Nd5 29. Rb5 Nxc3 30. Rxf5 Bxb4 31. e4 Na2 32. Ra1 c3
33. Rxa2 c2 34. Rxc2 Rxc2 35. Rb5 Ra8 0-1

[Event "Andorra Open"]
[Site "La Massana AND"]
[Date "2010.07.18"]
[Round "2"]
[White "Givon,A"]
[Black "De la Riva Aguado,O"]
[Result "0-1"]
[WhiteElo "2194"]
[BlackElo "2532"]
[EventDate "2010.07.17"]

1. e4 c5 2. Nf3 a6 3. Nc3 e6 4. d4 b5 5. dxc5 Bxc5 6. Bd3 Bb7 7. O-O Qc7 8.
e5 f5 9. exf6 Nxf6 10. Ng5 Nc6 11. Nce4 Nxe4 12. Nxe4 Be7 13. a4 b4 14. Qg4
O-O-O 15. Bf4 e5 16. Be3 h5 17. Qe2 a5 18. Nc5 Bxc5 19. Bxc5 d6 20. Be3 d5
21. c3 e4 22. Bb5 bxc3 23. bxc3 Ne5 24. Rab1 Rd6 25. Bf4 Rg6 26. Kh1 Rf8
27. Qxh5 Rxf4 28. Qh8+ Qd8 0-1

[Event "Andorra Open"]
[Site "La Massana AND"]
[Date "2010.07.18"]
[Round "2"]
[White "Cori,J"]
[Black "Alberto,M ANG"]
[Result "1-0"]
[WhiteElo "2486"]
[BlackElo "2140"]
[EventDate "2010.07.17"]

1. d4 Nf6 2. Nf3 g6 3. c4 Bg7 4. g3 O-O 5. Nc3 d6 6. Bg2 Nc6 7. O-O Bf5 8.
d5 Na5 9. Nd2 c5 10. e4 Bd7 11. Qe2 a6 12. f4 Ne8 13. e5 b5 14. cxb5 axb5
15. Nxb5 Bxb5 16. Qxb5 dxe5 17. fxe5 Bxe5 18. Qxc5 Bd6 19. Qf2 Nf6 20. Kh1
Rc8 21. Ne4 Nxe4 22. Bxe4 f5 23. Bg2 Nc4 24. Bh6 Rf7 25. Rac1 Ne5 26. Qe2
Ng4 27. Bf4 Bxf4 28. gxf4 Rxc1 29. Rxc1 Qb6 30. Bf3 Qd4 31. Rc4 Qf6 32.
Rc8+ Kg7 33. a4 Qh4 34. Rc2 Nf6 35. Rc4 Kh6 36. a5 Ng4 37. Rc2 Qh3 38. Qg2
Qh4 39. Re2 Rf8 40. Qg3 Qf6 41. Bxg4 fxg4 42. Qxg4 Rd8 43. Qg5+ Qxg5 44.
fxg5+ Kxg5 45. b4 Rxd5 46. Ra2 Kf4 47. a6 Kf3 48. Ra1 1-0

[Event "Andorra Open"]
[Site "La Massana AND"]
[Date "2010.07.18"]
[Round "2"]
[White "Prieto Aranguren,A"]
[Black "Pavlovic,Milo2"]
[Result "0-1"]
[WhiteElo "2150"]
[BlackElo "2483"]
[EventDate "2010.07.17"]

1. d4 Nf6 2. c4 c5 3. e3 g6 4. Nc3 Bg7 5. Nf3 O-O 6. Be2 d5 7. O-O cxd4 8.
exd4 Nc6 9. Bg5 Be6 10. c5 Ne4 11. Be3 Nxc5 12. dxc5 d4 13. Nxd4 Nxd4 14.
Bf3 Rc8 15. Bxb7 Rxc5 16. Rc1 Rh5 17. Bf3 Nxf3+ 18. Qxf3 Qb8 19. h3 Qxb2
20. Bxa7 Ra5 21. Bc5 Rxc5 22. Na4 Qxc1 23. Rxc1 Rxc1+ 24. Kh2 Rd8 0-1

[Event "Andorra Open"]
[Site "La Massana AND"]
[Date "2010.07.18"]
[Round "2"]
[White "Albets Armengol,R"]
[Black "Vernay,C"]
[Result "0-1"]
[WhiteElo "2133"]
[BlackElo "2470"]
[EventDate "2010.07.17"]

1. d4 d5 2. c4 c6 3. Nf3 Nf6 4. Qc2 dxc4 5. Qxc4 Bf5 6. g3 e6 7. Bg2 Be7 8.
O-O Nbd7 9. Nc3 O-O 10. Bg5 h6 11. Bxf6 Bxf6 12. b4 e5 13. dxe5 Nxe5 14.
Nxe5 Bxe5 15. Rad1 Be6 16. Qc5 Qc7 17. a3 Rfe8 18. f4 Bxc3 19. Qxc3 Bg4 20.
Bf3 Bxf3 21. exf3 Qb6+ 22. Qc5 Re3 23. Rd7 Rxa3 24. Qxb6 axb6 25. Rxb7 b5
26. Kg2 Ra2+ 27. Kh3 Ra1 28. Rxa1 Rxa1 29. Rc7 Rc1 30. Kg4 Rc4 31. Rc8+ Kh7
32. Kf5 Rc3 33. Rc7 Rc4 34. Rc8 Rxb4 35. Rxc6 Rb3 36. Rb6 f6 37. h4 h5 38.
g4 Rxf3 39. Rxb5 g6+ 40. Kxf6 Rxf4+ 41. Ke5 Rxg4 42. Rb8 Rxh4 43. Kf6 Rf4+
44. Kg5 Rg4+ 45. Kf6 h4 46. Ra8 h3 47. Ra3 Rh4 48. Ra1 h2 49. Rh1 Kh6 0-1

[Event "Andorra Open"]
[Site "La Massana AND"]
[Date "2010.07.19"]
[Round "3"]
[White "Bruzon Batista,L"]
[Black "Almagro Llamas,P"]
[Result "1-0"]
[WhiteElo "2653"]
[BlackElo "2451"]
[EventDate "2010.07.17"]

1. d4 d5 2. c4 c6 3. Nf3 Nf6 4. e3 Bf5 5. Nc3 e6 6. Nh4 Bg6 7. Be2 Nbd7 8.
O-O a6 9. g3 Be7 10. a3 dxc4 11. Nxg6 hxg6 12. Bxc4 c5 13. Be2 cxd4 14.
exd4 Nb6 15. Qb3 O-O 16. Rd1 Ra7 17. a4 Nbd5 18. a5 Nb4 19. d5 Nfxd5 20.
Be3 Ra8 21. Nxd5 Nxd5 22. Bf3 Qb8 23. Bxd5 exd5 24. Rxd5 Rd8 25. Rc1 Bf6
26. Bf4 Qa7 27. Rc7 Rxd5 28. Qxd5 Bxb2 29. Rxf7 Kh7 30. Be5 Bxe5 31. Qxe5
Rg8 32. Rf4 1-0